000 00890cam a22002771 4500
001 12480
003 BD-RjUL
005 20211208235313.0
008 140129s1967 nyua b 001 0 eng d
035 _a(BD-RjUL)12529
040 _aDLC
_cDLC
_dDLC
_dBD-RjUL
_beng
041 _aeng
082 0 0 _a660.63
_bGRB 1967
100 1 _aGrisebach, H.
_938841
245 1 0 _aBiosynthetic patterns in microorganisms and higher plants /
_c H. Grisebach.
260 _aNew York ;
_aLondon :
_bWiley,
_cc1967
300 _axi, 110 p. :
_billus. ;
_c20 cm.
504 _aIncludes bibliographies.
650 0 _aBiochemical engineering.
_938843
650 0 _aMicrobiological synthesis.
_9214824
650 0 _aSustainable engineering
_9214825
650 0 _aBiomass energy
_938239
942 _2ddc
_cBK
999 _c12480
_d12480